000 00222nam a22001097a 4500
041 _aeng
080 _a80
100 _aChaffee, S., Adler, B.
245 _aThe I love NY. Fitness book.
650 _aHealth
999 _c279302
_d279302
942 _cBK